000 00373nam a2200145Ia 4500
008 230917s9999||||xx |||||||||||||| ||und||
040 _e145954
_aMAIN
041 _aEnglish
082 _a301.4443 C882G
100 _aCrooke, William
245 0 _aGlossary ofnorth Inidan Peasant life
260 _aDelhi
_bOxford University Press
_c1989
300 _a290p p.
942 _cBK
999 _c63462
_d63462